000 00898nam a22002897a 4500
001 7049
003 FISKH
005 20250827142006.0
008 250619b cb ||||| |||| 00| 0 eng d
020 _a9780152018917
040 _aFISKH
_beng
_cFISKH
_dFISKH
050 _aPZ7.F8373 T
082 _a823
100 _aFox , Mem
245 _aTough Boris /
_cBy Mem Fox : Illustrated by Kathryn Brown
250 _aFirst Vovager Book Edition 1998
260 _aOrlando :
_bVoyager Books Harciyrt , Inc. ,
_c1994.
300 _a32 unnumbered pages :
_bcolor illustrations ;
_c26 cm .
505 _aE
520 _aAlthough he is a very tough pirate, Boris von der Borch cries when his parrots dies.
521 8 _a260
_bLexile
521 8 _aE
_bRaz-Plus
650 _aPirates
_vFiction
700 _aBrown, Kathryn
_eIllustrator
942 _2ddc
_cBK
_n0
999 _c7049
_d7049